Women and children in prostitution: human rights perspectives (Record no. 380642)

000 -LEADER
fixed length control field 00386cam a22001337a 4500
008 - FIXED-LENGTH DATA ELEMENTS--GENERAL INFORMATION
fixed length control field 180718b1997 xxu||||| |||| 00| 0 eng d
082 ## - DEWEY DECIMAL CLASSIFICATION NUMBER
Classification number B142x54 J78
245 ## - TITLE STATEMENT
Title Women and children in prostitution: human rights perspectives
Statement of responsibility, etc. edited by Madhu D. Joshi
260 ## - PUBLICATION, DISTRIBUTION, ETC.
Place of publication, distribution, etc. New Delhi
Name of publisher, distributor, etc. Uppal
Date of publication, distribution, etc. 1997
300 ## - PHYSICAL DESCRIPTION
Extent 134p.
650 ## - SUBJECT ADDED ENTRY--TOPICAL TERM
Topical term or geographic name entry element Human rights.
650 ## - SUBJECT ADDED ENTRY--TOPICAL TERM
Topical term or geographic name entry element Women
700 ## - ADDED ENTRY--PERSONAL NAME
Personal name Joshi, Madhu D.
Holdings
Withdrawn status Lost status Damaged status Not for loan Permanent Location Current Location Date acquired Full call number Barcode Date last seen Price effective from Koha item type
        Indian Institute of Public Administration Indian Institute of Public Administration 1996-12-12 B142x54 J78 71561 2018-07-21 2018-07-21 Book

Powered by Koha